Zusetsu keizai no ronten /
Saved in:
| Other Authors: | , , |
|---|---|
| Format: | Book |
| Language: | Japanese |
| Published: |
Tōkyō-to Bunkyō-ku :
Junpōsha,
2015.
|
| Edition: | Shohan. |
| Subjects: | |
| Tags: |
Add Tag
No Tags, Be the first to tag this record!
|
| LEADER | 01366cam a2200397Ii 4500 | ||
|---|---|---|---|
| 001 | 014315744-2 | ||
| 005 | 20150715165235.0 | ||
| 008 | 141222s2015 ja a 000 0 jpn d | ||
| 020 | |a 9784845113910 | ||
| 020 | |a 4845113910 | ||
| 035 | 0 | |a ocn898448380 | |
| 040 | |a TRCLS |b eng |e rda |c TRCLS |d OCLCQ |d HMY | ||
| 043 | |a a-ja--- | ||
| 090 | |a HC462.95 |b .Z88 2015 | ||
| 245 | 0 | 0 | |6 880-01 |a Zusetsu keizai no ronten / |c Shibata Tsutomu, Arai Daisuke, Morihara Yasuhito hen. |
| 246 | 3 | 0 | |6 880-02 |a Keizai no ronten |
| 250 | |6 880-03 |a Shohan. | ||
| 264 | 1 | |6 880-04 |a Tōkyō-to Bunkyō-ku : |b Junpōsha, |c 2015. | |
| 300 | |a 179 pages : |b illustrations ; |c 19 cm | ||
| 336 | |a text |b txt |2 rdacontent | ||
| 337 | |a unmediated |b n |2 rdamedia | ||
| 338 | |a volume |b nc |2 rdacarrier | ||
| 651 | 0 | |a Japan |x Economic conditions |y 1989- | |
| 700 | 1 | |6 880-05 |a Shibata, Tsutomu, |d 1980- | |
| 700 | 1 | |6 880-06 |a Arai, Daisuke, |d 1979- | |
| 700 | 1 | |6 880-07 |a Morihara, Yasuhito, |d 1979- | |
| 880 | 0 | 0 | |6 245-01 |a 図說経済の論点 / |c 柴田努, 新井大輔, 森原康仁編. |
| 880 | 3 | 0 | |6 246-02 |a 経済の論点 |
| 880 | |6 250-03 |a 初版. | ||
| 880 | 1 | |6 264-04 |a 東京都文京区 : |b 旬報社, |c 2015. | |
| 880 | 1 | |6 700-05 |a 柴田努, |d 1980- | |
| 880 | 1 | |6 700-06 |a 新井大輔, |d 1979- | |
| 880 | 1 | |6 700-07 |a 森原康仁, |d 1979- | |
| 988 | |a 20150305 | ||
| 049 | |a HMYY | ||
| 906 | |0 OCLC | ||


